MARC details
| 000 -CABECERA |
| campo de control de longitud fija |
02495cab a2200289 ab4500 |
| 005 - FECHA Y HORA DE LA ÚLTIMA TRANSACCIÓN |
| campo de control |
20250211125221.0 |
| 008 - ELEMENTOS DE LONGITUD FIJA--INFORMACIÓN GENERAL |
| campo de control de longitud fija |
991125c2018 mx fr p o 000 0 spa d |
| 035 ## - NÚMERO DE CONTROL DEL SISTEMA |
| Número de control de sistema |
UPN01000231069 |
| 040 ## - FUENTE DE LA CATALOGACIÓN |
| Centro catalogador/agencia de origen |
MX-MxUPN |
| Lengua de catalogación |
spa |
| Centro/agencia transcriptor |
MX-MxUPN |
| Normas de descripción |
aacr2 |
| 049 ## - COLECCIÓN |
| Colección |
ART-E |
| 100 1# - ASIENTO PRINCIPAL--NOMBRE PERSONAL |
| Nombre de persona |
Prieto Quintana, César Omar |
| Enlace |
- cprieto@uach.mx |
| 100 1# - ASIENTO PRINCIPAL--NOMBRE PERSONAL |
| Nombre de persona |
Sánchez Baltasar, Laura Berenice |
| 100 1# - ASIENTO PRINCIPAL--NOMBRE PERSONAL |
| Nombre de persona |
Mayett Moreno, Yésica |
| 245 10 - MENCIÓN DE TÍTULO |
| Título |
Compromiso organizacional en preparatorias públicas y privadas del estado de Chihuahua, México |
| 506 0# - NOTA DE RESTRICCIONES AL ACCESO |
| Limitaciones de acceso |
Acceso abierto |
| 520 3# - NOTA DE RESUMEN, ETC. |
| Sumario, etc. |
La presente investigación planteó como objetivo desarrollar un modelo para gestionar el compromiso organizacional en preparatorias públicas y privadas del Departamento de Educación Media Superior del Estado de Chihuahua. Para ello, se tomó como base el enfoque multidimensional del compromiso organizacional (Meyer y Allen, 1991), pues este permite estudiarlo desde la dimensión afectiva, normativa y calculada. A través de un estudio transversal, correlacional y no experimental, se administró una encuesta por conveniencia a 618 empleados de 174 preparatorias públicas y privadas (29.1 % administrativos y 70.9 % docentes). Los datos se analizaron con el paquete SPSS, utilizando estadística descriptiva, prueba t de Student, ANOVA y correlaciones de Pearson. Los resultados demostraron un fuerte compromiso organizacional en las dimensiones afectiva y normativa en las preparatorias públicas y privadas. Asimismo, se evidenció que las variables sociodemográficas (edad, hijos, antigüedad en el sector educativo, formación académica y nivel educativo) influyen directamente en su grado de compromiso. Se sugiere, por tanto, diseñar estrategias para incrementar el compromiso calculado (apego material) de los empleados, tales como bonos económicos, premios por puntualidad y asistencia, sistemas de jubilación adicionales a los establecidos por la ley y otros que impacten positivamente en sus finanzas. RIDE |
| 650 #7 - ASIENTO SECUNDARIO DE MATERIA - TERMINO TEMATICO |
| Término de materia o nombre geográfico como elemento de entrada |
Educación media superior |
| 9 (RLIN) |
2253 |
| 653 0# - TERMINO DE INDIZACION - NO CONTROLADO |
| Término no controlado |
Compromiso organizacional |
| 653 0# - TERMINO DE INDIZACION - NO CONTROLADO |
| Término no controlado |
Escuelas públicas |
| 653 0# - TERMINO DE INDIZACION - NO CONTROLADO |
| Término no controlado |
Escuelas privadas |
| 773 ## - ENLACE AL DOCUMENTO FUENTE/ENTRADA DE REGISTRO ANFITRIÓN |
| Parte(s) relacionada(s) |
Vol. 9, no. 17 (2018), p. 1-28 |
| Título |
RIDE: revista iberoamericana para la investigación y el desarrollo educativo |
| Número Internacional Normalizado para Publicaciones Seriadas |
2007-7467 |
| 856 4# - LOCALIZACIÓN Y ACCESO ELECTRÓNICOS |
| Identificador Uniforme del Recurso |
<a href="http://www.ride.org.mx/index.php/RIDE/article/view/403/1775">http://www.ride.org.mx/index.php/RIDE/article/view/403/1775</a> |
| 856 4# - LOCALIZACIÓN Y ACCESO ELECTRÓNICOS |
| Identificador Uniforme del Recurso |
<a href="https://doi.org/10.23913/ride.v9i17.403">https://doi.org/10.23913/ride.v9i17.403</a> |
| 902 ## - ELEMENTOS DE DATOS B LOCAL, LDB (RLIN) |
| Creó |
Leonor Sotres/110225 |
| 905 ## - TIPO DE MATERIAL |
| Tipo de material |
Articulo |
| 942 ## - ELEMENTOS DE PUNTO DE ACCESO ADICIONAL (KOHA) |
| Tipo de ítem Koha |
Artículo Electrónico |